[Event "IECG WC.2004.F.00001"]
[Site "IECG email"]
[Date "2005.05.16"]
[Round "?"]
[White "Sakai, Kiyotaka"]
[Black "Maubrises, Etienne"]
[Result "1-0"]
[WhiteElo "2510"]
[BlackElo "2196"]
[PlyCount "117"]
[EventDate "2005.05.16"]
[EventType "tourn (corr)"]
[EventRounds "6"]
[SourceTitle "Corr 2008"]
[Source "ChessBase"]
[SourceDate "2008.06.24"]
[SourceVersion "1"]
[SourceVersionDate "2008.06.24"]
[SourceQuality "1"]

1. e4 e5 2. Nf3 Nf6 3. Nxe5 d6 4. Nf3 Nxe4 5. d4 d5 6. Bd3 Nc6 7. 0-0 Be7 8. c4 Nb4 9. Be2 0-0 10. Nc3 Bf5 11. a3 Nxc3 12. bxc3 Nc6 13. Re1 Re8 14. cxd5 Qxd5 15. Bf4 Rac8 16. Qc1 Bd6 17. c4 Qe4 18. Be3 Rcd8 19. Ra2 b6 20. Rd2 Na5 21. Bd3 Qg4 22. Bg5 Bxh2+ 23. Kxh2 f6 24. Bxf5 Qxf5 25. Rxe8+ Rxe8 26. Be3 Qh5+ 27. Kg1 Nb3 28. Qc2 Nxd2 29. Nxd2 Re7 30. d5 Qe8 31. Qb3 Kh8 32. Nf3 c5 33. a4 Qd8 34. a5 Qd6 35. Nh4 g6 36. g3 Kg8 37. Ng2 Kf7 38. Nf4 Qc7 39. Ne6 Rxe6 40. dxe6+ Kxe6 41. Bf4 Qd8 42. Qb5 g5 43. Qc6+ Kf7 44. axb6 axb6 45. Bc7 Qd1+ 46. Kg2 Qd3 47. Bxb6 Qxc4 48. Bxc5 g4 49. Qb7+ Kg6 50. Qb1+ Kg7 51. Qf5 Qa4 52. Kh2 Qc4 53. Qd7+ Kg6 54. Bf8 h5 55. Qg7+ Kf5 56. Qh7+ Ke5 57. Qxh5+ Ke6 58. Qc5 Qb3 59. Qe3+ 1-0

[Event "IECG CP.2001.S.00006 email"]
[Site "IECG email"]
[Date "2003.10.01"]
[Round "?"]
[White "Maubrises, Etienne"]
[Black "Dimitriadis, Michael"]
[Result "1-0"]
[WhiteElo "2098"]
[BlackElo "2148"]
[PlyCount "115"]
[EventDate "2003.10.01"]
[EventType "tourn (corr)"]
[EventRounds "6"]
[SourceTitle "Corr 2008"]
[Source "ChessBase"]
[SourceDate "2008.06.24"]
[SourceVersion "1"]
[SourceVersionDate "2008.06.24"]
[SourceQuality "1"]

1. d4 d5 2. e4 dxe4 3. Nc3 Nf6 4. f3 Bf5 5. fxe4 Nxe4 6. Qf3 Nd6 7. Bf4 e6 8. 0-0-0 c6 9. g4 Bg6 10. Qe3 Be7 11. Nf3 Nd7 12. d5 cxd5 13. Nxd5 exd5 14. Bxd6 Be4 15. Bxe7 Qxe7 16. Bb5 0-0-0 17. Rxd5 Rhe8 18. Rd2 a6 19. Bxd7+ Rxd7 20. Re1 Bc6 21. Qg1 Qd8 22. Rxe8 Qxe8 23. Nd4 Be4 24. Qe3 Re7 25. Re2 Qd8 26. g5 Qd5 27. Nb3 Rd7 28. Rd2 Qc4 29. Qc5+ Qxc5 30. Nxc5 Rxd2 31. Kxd2 Bc6 32. Kc3 Kc7 33. Kd4 Kd6 34. c4 Bh1 35. b4 f6 36. gxf6 gxf6 37. Ne4+ Ke6 38. a4 Bg2 39. a5 h6 40. Nc3 Kd6 41. Ne2 f5 42. Nf4 Bh1 43. Ng6 Bf3 44. Ne5 Be2 45. h4 Ke6 46. Nd3 Kd6 47. Nc5 Kc6 48. Ne6 Kd7 49. Nf4 Bf1 50. Kc5 Ke7 51. b5 axb5 52. cxb5 Kd7 53. b6 Ba6 54. h5 Bf1 55. Kd5 Bb5 56. Ke5 Kc6 57. Kxf5 Ba4 58. Nd5 1-0

[Event "IECG CP.2001.S.00006 email"]
[Site "IECG email"]
[Date "2003.10.01"]
[Round "?"]
[White "Maubrises, Etienne"]
[Black "Meulemans, Bart"]
[Result "0-1"]
[WhiteElo "2098"]
[BlackElo "2155"]
[PlyCount "88"]
[EventDate "2003.10.01"]
[EventType "tourn (corr)"]
[EventRounds "6"]
[SourceTitle "Corr 2008"]
[Source "ChessBase"]
[SourceDate "2008.06.24"]
[SourceVersion "1"]
[SourceVersionDate "2008.06.24"]
[SourceQuality "1"]

1. d4 d5 2. c4 dxc4 3. Nf3 Nf6 4. e3 e6 5. Bxc4 c5 6. 0-0 a6 7. Bb3 Nc6 8. Nc3 b5 9. Qe2 Bb7 10. Rd1 c4 11. Bc2 Nb4 12. Bb1 Nbd5 13. a4 b4 14. Ne4 Nxe4 15. Bxe4 Qc7 16. Ne5 Rc8 17. Bd2 Bd6 18. Rac1 Bxe5 19. dxe5 a5 20. f4 Nb6 21. Bc2 0-0 22. Be1 Rfd8 23. e4 Bc6 24. Rxd8+ Qxd8 25. Bf2 Nxa4 26. Rd1 Qc7 27. Bd4 c3 28. bxc3 Nxc3 29. Bxc3 bxc3 30. Qa6 Be8 31. Kf2 h6 32. Kf3 a4 33. g3 Qc5 34. Qd6 Qc4 35. Qd3 Qa2 36. Rb1 a3 37. f5 Qxb1 38. Bxb1 a2 39. Bxa2 c2 40. fxe6 c1Q 41. exf7+ Bxf7 42. Bxf7+ Kxf7 43. Qd5+ Kf8 44. e6 Rc3+ 0-1

[Event "IECG CP.2001.S.00006 email"]
[Site "IECG email"]
[Date "2003.10.01"]
[Round "?"]
[White "Miletic, Arsen"]
[Black "Maubrises, Etienne"]
[Result "0-1"]
[WhiteElo "2223"]
[BlackElo "2098"]
[PlyCount "104"]
[EventDate "2003.10.01"]
[EventType "tourn (corr)"]
[EventRounds "6"]
[SourceTitle "Corr 2008"]
[Source "ChessBase"]
[SourceDate "2008.06.24"]
[SourceVersion "1"]
[SourceVersionDate "2008.06.24"]
[SourceQuality "1"]

1. e4 c5 2. Nf3 Nc6 3. d4 cxd4 4. Nxd4 Nf6 5. Nc3 d6 6. Bg5 e6 7. Qd2 a6 8. 0-0-0 h6 9. Be3 Bd7 10. f3 b5 11. g4 Ne5 12. h4 b4 13. Nb1 d5 14. Bf4 Bd6 15. Bh2 dxe4 16. g5 Nh5 17. g6 Nd3+ 18. Bxd3 Bxh2 19. Rxh2 exd3 20. gxf7+ Kxf7 21. Qxd3 Qf6 22. Qe4 Rhd8 23. Rhd2 Rac8 24. Nb3 Bc6 25. Qxb4 Bxf3 26. Rxd8 Rxd8 27. Rxd8 Qxd8 28. N1d2 Bd5 29. Nc5 Qd6 30. Qa5 Qe5 31. c4 Bg2 32. Qb6 Nf4 33. Nxa6 Qe1+ 34. Kc2 Qxh4 35. b4 Qg3 36. Qc7+ Kg6 37. Nc5 h5 38. Qe5 h4 39. Nde4 Bxe4+ 40. Nxe4 Qd3+ 41. Kb2 Qe2+ 42. Kb3 Qe3+ 43. Ka4 Nh5 44. c5 Nf6 45. c6 Qxe4 46. Qc5 h3 47. c7 h2 48. c8Q h1Q 49. Qc2 Qxc2+ 50. Qxc2+ Qe4 51. Kb3 Qxc2+ 52. Kxc2 Kf5 0-1

[Event "IECG WC.2004.S.00003 email"]
[Site "IECG email"]
[Date "2002.05.08"]
[Round "?"]
[White "Maubrises, Etienne"]
[Black "Halwick, Floyd J Jr"]
[Result "1/2-1/2"]
[WhiteElo "1945"]
[BlackElo "2399"]
[PlyCount "106"]
[EventDate "2002.05.08"]
[EventType "tourn (corr)"]
[EventRounds "8"]
[SourceTitle "Corr 2008"]
[Source "ChessBase"]
[SourceDate "2008.06.24"]
[SourceVersion "1"]
[SourceVersionDate "2008.06.24"]
[SourceQuality "1"]

1. d4 Nf6 2. c4 g6 3. g3 Bg7 4. Bg2 0-0 5. Nf3 d6 6. 0-0 Nc6 7. Nc3 a6 8. Re1 Bd7 9. e4 e5 10. d5 Ne7 11. c5 Bg4 12. Be3 Nd7 13. cxd6 cxd6 14. Rc1 f5 15. h3 Bxf3 16. Bxf3 Rc8 17. Bg2 f4 18. Bd2 Qb6 19. gxf4 exf4 20. Na4 Qd4 21. Bc3 Qxd1 22. Rexd1 f3 23. Bxg7 Kxg7 24. Bf1 Ng8 25. Rxc8 Rxc8 26. Nc3 Ngf6 27. Rd4 Rc7 28. Kh2 Nh5 29. h4 Kf6 30. Bh3 Nc5 31. Bg4 Ke5 32. Rd1 Kf4 33. Bxh5 gxh5 34. e5 Kxe5 35. Kg3 Ne4+ 36. Nxe4 Kxe4 37. Re1+ Kxd5 38. Rd1+ Ke6 39. Re1+ Kd7 40. Re3 Rc2 41. Rxf3 Rxb2 42. Rf7+ Kc6 43. Rxh7 Rxa2 44. Rxh5 b5 45. Rh8 Ra1 46. h5 b4 47. Rb8 a5 48. f4 Rg1+ 49. Kh4 Kc5 50. f5 a4 51. f6 Rf1 52. Kg5 a3 53. Ra8 Rg1+ 1/2-1/2

[Event "IECG CP.2001.P.00055"]
[Site "IECG email"]
[Date "2001.10.01"]
[Round "?"]
[White "Lee, Terrence A"]
[Black "Maubrises, Etienne"]
[Result "0-1"]
[WhiteElo "1428"]
[BlackElo "1892"]
[PlyCount "50"]
[EventDate "2001.10.01"]
[EventType "tourn (corr)"]
[EventRounds "6"]
[SourceTitle "Corr 2008"]
[Source "ChessBase"]
[SourceDate "2008.06.24"]
[SourceVersion "1"]
[SourceVersionDate "2008.06.24"]
[SourceQuality "1"]

1. e4 c5 2. Nc3 Nc6 3. g3 g6 4. Bg2 Bg7 5. d3 d6 6. Be3 e6 7. Qd2 Nge7 8. Bh6 0-0 9. Bxg7 Kxg7 10. f4 Nd4 11. Nf3 Nxf3+ 12. Bxf3 Nc6 13. Ne2 e5 14. c3 Bh3 15. 0-0-0 Be6 16. c4 b5 17. f5 Bd7 18. g4 Nd4 19. Nxd4 cxd4 20. g5 Rc8 21. f6+ Kg8 22. h4 bxc4 23. h5 c3 24. Qh2 Qb6 25. hxg6 cxb2+ 0-1

[Event "IECG WC.2004.P.00005 email"]
[Site "IECG email"]
[Date "2001.01.22"]
[Round "?"]
[White "Maubrises, Etienne"]
[Black "Pinasco, Damian"]
[Result "1-0"]
[WhiteElo "1500"]
[BlackElo "2030"]
[PlyCount "105"]
[EventDate "2001.01.22"]
[EventType "tourn (corr)"]
[EventRounds "8"]
[SourceTitle "Corr 2008"]
[Source "ChessBase"]
[SourceDate "2008.06.24"]
[SourceVersion "1"]
[SourceVersionDate "2008.06.24"]
[SourceQuality "1"]

1. d4 Nf6 2. f3 d5 3. e4 dxe4 4. Nc3 exf3 5. Nxf3 Bg4 6. h3 Bxf3 7. Qxf3 c6 8. Be3 e6 9. Bd3 Nbd7 10. 0-0 Be7 11. Rf2 0-0 12. Raf1 Ne8 13. Ne4 g6 14. Bh6 Ng7 15. Qf4 c5 16. dxc5 f5 17. Nd6 b6 18. Bc4 bxc5 19. Nb5 Nf6 20. Qe5 Nfh5 21. Nc7 Bd6 22. Nxe6 Bxe5 23. Nxd8+ Kh8 24. Nf7+ Rxf7 25. Bxf7 Bd4 26. Re1 f4 27. Re4 Bxf2+ 28. Kxf2 Nf5 29. Bxf4 Nxf4 30. Rxf4 Kg7 31. Be6 Nd4 32. Rf7+ Kh6 33. Bd5 Rb8 34. b3 Nxc2 35. Rxa7 Rd8 36. Be4 Rd2+ 37. Kf3 Nd4+ 38. Ke3 Rd1 39. Ra5 Re1+ 40. Kd3 Rd1+ 41. Kc4 Ne6 42. Bf3 Rd4+ 43. Kc3 Rd8 44. a4 Rd6 45. Rb5 Nd4 46. Rxc5 Nxf3 47. gxf3 Rf6 48. a5 Rxf3+ 49. Kc4 Rxh3 50. a6 Re3 51. a7 Re8 52. b4 Ra8 53. Rc7 1-0

[Event "IECG WC.2004.P.00005 email"]
[Site "IECG email"]
[Date "2001.01.22"]
[Round "?"]
[White "Noakes, Garth P"]
[Black "Maubrises, Etienne"]
[Result "0-1"]
[WhiteElo "2183"]
[BlackElo "1500"]
[PlyCount "42"]
[EventDate "2001.01.22"]
[EventType "tourn (corr)"]
[EventRounds "8"]
[SourceTitle "Corr 2008"]
[Source "ChessBase"]
[SourceDate "2008.06.24"]
[SourceVersion "1"]
[SourceVersionDate "2008.06.24"]
[SourceQuality "1"]

1. e4 c5 2. Nf3 e6 3. d4 cxd4 4. Nxd4 a6 5. Nb3 d5 6. exd5 exd5 7. Bd3 Nf6 8. 0-0 Be7 9. Re1 0-0 10. Nc3 Nc6 11. Bg5 Be6 12. Ne2 h6 13. Bh4 Ng4 14. Bxe7 Qxe7 15. Qd2 Nge5 16. Ned4 Nxd3 17. Qxd3 Rfe8 18. c3 Nxd4 19. Nxd4 Qg5 20. Re3 Bd7 21. Rg3 Qh5 0-1

[Event "IECG C1.2000.0.00310"]
[Site "IECG email"]
[Date "2000.10.01"]
[Round "?"]
[White "Maubrises, Etienne"]
[Black "Oliger, Mark L"]
[Result "1-0"]
[WhiteElo "1500"]
[BlackElo "1833"]
[PlyCount "61"]
[EventDate "2000.10.01"]
[EventType "tourn (corr)"]
[EventRounds "6"]
[SourceTitle "Corr 2008"]
[Source "ChessBase"]
[SourceDate "2008.06.24"]
[SourceVersion "1"]
[SourceVersionDate "2008.06.24"]
[SourceQuality "1"]

1. d4 Nf6 2. c4 e6 3. Nc3 Bb4 4. e3 0-0 5. Bd3 c5 6. Nf3 d5 7. a3 Bxc3+ 8. bxc3 dxc4 9. Bxc4 Qc7 10. Qd3 Nc6 11. 0-0 e5 12. Ng5 Na5 13. dxe5 Qxe5 14. Nxf7 Qe7 15. Nd6+ Be6 16. Nf5 Qf7 17. Bxe6 Qxe6 18. Ng3 c4 19. Qc2 Nb3 20. Rb1 Rad8 21. e4 b5 22. Be3 a6 23. f3 Rd3 24. Rfe1 Rfd8 25. Rbd1 Qe7 26. Bb6 Rd2 27. Qb1 R8d7 28. Rxd2 Rxd2 29. Nf1 Rd3 30. Rd1 Rd7 31. Ne3 1-0